000 016260000a22003010004500
001 18236
003 CO-MdFUSB
005 20240618062713.0
008 170228t1991 sp ||||| |||| 00| 0 spa d
020 _a84-285-1436-4
040 _aCO-MdFUSB
_bspa
_cCO-MdFUSB
_dCO-MdFUSBC
_erda
041 0 _aspa
082 0 4 _aG 200 D944j
100 1 _aDupuis, Jacques
_eautor
245 1 0 _aJesucristo al encuentro de las religiones
_b
_c/ Jacques Dupuis ; traducción por : Juan Padilla Moreno
264 _aEspaña :
_bEdiciones Paulinas,
_c1991
300 _a363 p.
336 _2rdacontent
_atexto
_btxt
337 _2rdamedia
_asin mediación
_bn
338 _2rdacarrier
_avolumen
_bnc
500 _aTítulo original en francés : Jesus-Chist a la recontre des religions
501 _arústico
505 0 0 _a\I PARTE: Las adarajas de una tradición -- El Cristo "sin ataduras" reconocido por el hinduismo -- La cristología hindú y cristiana: dos piezas del diálogo -- Swami Abhishiktänanda o la experiencia espiritual de un monje hindú-cristiano -- ¿Qué teología cristiana de las religiones?\ II PARTE: Cristo uno y universal - Historia de la salvación y alianzas divinas -- La salvación sin el evangelio -- Economía del espíritu, palabra de Dios y Sagradas Escrituras -- El Cristo de la fe y el Jesús de la historia en el encuentro de las religiones -- Unicidad y universalidad de Jesucristo -- el diálogo interreligioso en la misión evangelizadora de la iglesia -- Para una teología del diálogo
650 0 _aMisiones
_9154
650 7 _aReligiones
_9386
653 _aReligiones comparadas
942 _cBK
999 _c44703
_d44703